Cyclisme : Palmarès Paris Nice !!! - Statistiques

Statistiques générales
  • Ce quiz a été pris 179 fois
  • Le résultat moyen est 29 sur 44
Statistiques - réponses
Années Pays Prénoms Noms % Correct
2023 🇸🇮 Tadej Pogacar
97%
2022 🇸🇮 Primoz Roglic
97%
2016 🇬🇧 Geraint Thomas
97%
2019 🇨🇴 Egan Bernal
96%
2010 🇪🇦 Alberto Contador
93%
2007 🇪🇦 Alberto Contador
93%
2015 🇦🇺 Richie Porte
93%
2013 🇦🇺 Richie Porte
93%
2012 🇬🇧 Bradley Wiggins
91%
2009 🇪🇦 Luis Leon Sanchez
90%
1997 🇨🇵 Laurent Jalabert
89%
1996 🇨🇵 Laurent Jalabert
89%
1995 🇨🇵 Laurent Jalabert
89%
2018 🇪🇦 Marc Soler
85%
2021 🇩🇪 Maximilian Schachmann
76%
2020 🇩🇪 Maximilian Schachmann
76%
2003 🇰🇿 Alexandre Vinokourov
76%
2002 🇰🇿 Alexandre Vinokourov
76%
1990 🇪🇦 Miguel Indurain
75%
1989 🇪🇦 Miguel Indurain
75%
2011 🇩🇪 Tony Martin
75%
1981 🇮🇪 Stephen Roche
69%
1988 🇮🇪 Sean Kelly
67%
1987 🇮🇪 Sean Kelly
67%
1986 🇮🇪 Sean Kelly
67%
1985 🇮🇪 Sean Kelly
67%
1984 🇮🇪 Sean Kelly
67%
1983 🇮🇪 Sean Kelly
67%
1982 🇮🇪 Sean Kelly
67%
2006 🇺🇲 Floyd Landis
67%
2017 🇨🇴 Sergio Henao
54%
1994 🇨🇭 Tony Rominger
48%
1991 🇨🇭 Tony Rominger
48%
1992 🇨🇵 Jean-François Bernard
45%
1993 🇨🇭 Alex Zülle
43%
2014 🇨🇴 Carlos Betancur
40%
2008 🇮🇹 Davide Rebellin
40%
2000 🇩🇪 Andreas Klöden
39%
1980 🇨🇵 Gilbert Duclos-Lassalle
29%
2005 🇺🇲 Bobby Julich
28%
1998 🇧🇪 Frank Vandenbroucke
23%
2001 🇮🇹 Dario Frigo
20%
1999 🇳🇱 Michael Boogerd
19%
2004 🇩🇪 Jörg Jaksche
10%
Aucun quiz correspondant
Distribution des résultats
% des personnes avec chaque résultat
Percentile par nombre de réponses
Votre historique - résultats
Vous n’avez pas pris ce quiz